000 00591nam a2200181 4500
999 _c27434
_d27434
008 240719b ||||| |||| 00| 0 eng d
020 _a9781947027336
_cRs899.00
041 0 _aeng
082 0 0 _a641.875
_bK217
100 _95673
_aKaur, Rupinder
245 1 0 _aRaw rasoi everyday juices : a step-by-step family guide to create simple, delicious and well-combined juices, all year round /
_cRupinder Kaur
260 _aChennai :
_bNotion Press,
_c2017.
300 _axxi, 93 p. :
_bill. ;
_c24 cm
365 _aINR
_b899.00
650 0 _aJuices
650 0 _aHome economics
942 _2ddc
_cBK